Introduction to Research in the Health Sciences: (Record no. 5193)
[ view plain ]
| 000 -LEADER | |
|---|---|
| fixed length control field | 00575nam a22002057a 4500 |
| 003 - CONTROL NUMBER IDENTIFIER | |
| control field | OSt |
| 005 - DATE AND TIME OF LATEST TRANSACTION | |
| control field | 20160913184933.0 |
| 008 - FIXED-LENGTH DATA ELEMENTS--GENERAL INFORMATION | |
| fixed length control field | 160913b xxu||||| |||| 00| 0 eng d |
| 020 ## - INTERNATIONAL STANDARD BOOK NUMBER | |
| International Standard Book Number | 9780443074295 |
| 040 ## - CATALOGING SOURCE | |
| Transcribing agency | DNLM. |
| 082 ## - DEWEY DECIMAL CLASSIFICATION NUMBER | |
| Classification number | W20'5P766i 2008. |
| 100 ## - MAIN ENTRY--PERSONAL NAME | |
| Personal name | Polgar,stephen;Thomas,shave,A; |
| 9 (RLIN) | 11046 |
| 245 ## - TITLE STATEMENT | |
| Title | Introduction to Research in the Health Sciences: |
| 250 ## - EDITION STATEMENT | |
| Edition statement | 5th ed |
| 260 ## - PUBLICATION, DISTRIBUTION, ETC. (IMPRINT) | |
| Place of publication, distribution, etc. | London. |
| Name of publisher, distributor, etc. | Churchill,Living Stone. |
| Date of publication, distribution, etc. | 2008. |
| 300 ## - PHYSICAL DESCRIPTION | |
| Extent | vii,334p; |
| Other physical details | col,ill; |
| Dimensions | 26cm |
| 504 ## - BIBLIOGRAPHY, ETC. NOTE | |
| Bibliography, etc | Includes index. |
| 650 ## - SUBJECT ADDED ENTRY--TOPICAL TERM | |
| Topical term or geographic name as entry element | Health Sciences. |
| 9 (RLIN) | 5740 |
| 942 ## - ADDED ENTRY ELEMENTS (KOHA) | |
| Source of classification or shelving scheme | Other/Generic Classification Scheme |
| Koha item type | Newspaper |
| Withdrawn status | Lost status | Source of classification or shelving scheme | Damaged status | Not for loan | Home library | Current library | Date acquired | Source of acquisition | Inventory number | Total Checkouts | Full call number | Barcode | Date last seen | Date last checked out | Price effective from | Koha item type |
|---|---|---|---|---|---|---|---|---|---|---|---|---|---|---|---|---|
| Other/Generic Classification Scheme | MUST Main Library | MUST Main Library | 13/09/2016 | 11/35546 | 1 | W20'5P766i 2008. | 2016-4163 | 19/08/2022 | 03/08/2022 | 13/09/2016 | Open Shelf |
